| 000 | 00724cam a2200241 a 4500 | ||
|---|---|---|---|
| 001 | 958122 | ||
| 003 | ARRUPE | ||
| 005 | 20160412095857.0 | ||
| 008 | 910424s1990 sa a 000 0 eng d | ||
| 020 | _a0947479376 | ||
| 035 | _a(OCoLC)25585951 | ||
| 035 | _a(OCoLC)ocm25585951 | ||
| 035 | _a(CStRLIN)NYCG91-B43824 | ||
| 035 | _a(NNC)958122 | ||
| 040 |
_aIEN _dCStRLIN _cArrupe |
||
| 090 |
_aPR9369.3.P485 _bC87 1990g |
||
| 100 | 1 |
_aPhilander, Frederick, _d1949- _923674 |
|
| 245 | 1 | 4 |
_aThe curse : _ba four-act play on the Namibian struggle / _cby Frederick Philander. |
| 260 |
_aBraamfontein [South Africa] : _bSkotaville, _cc1990. |
||
| 300 |
_a44 p. : _bill. ; _c19 cm. |
||
| 942 |
_2lcc _cMONOGRAPH |
||
| 999 |
_c124565 _d124565 |
||